[Event "Carovana Cup 2016"]
[Site "SchemingMind.com"]
[Date "2016.08.08"]
[Round "-"]
[White "Vermonty"]
[Black "JAHI"]
[Result "0-1"]
[WhiteCountry "USA"]
[BlackCountry "INT"]
[WhiteElo "1993"]
[WhiteRD "80"]
[BlackElo "2028"]
[BlackRD "57"]
[GameID "402322"]

1. e4 g6 2. d4 Bg7 3. Nf3 c6 4. Be2 a6 5. O-O a5 6. c4 b6 7. Nc3 Na6 8. Be3 Nc7 9. Rc1 Ba6 10. h3 Rc8
11. Qd2 d6 12. d5 c5 13. a4 Nf6 14. b3 Bb7 15. Nh2 e6 16. f4 Nd7 17. Bf3 exd5 18. exd5 Nf6 19. Rce1 Kf8 20. g4 h6
21. Rf2 Qd7 22. Rfe2 Re8 23. Bf2 Rxe2 24. Rxe2 h5 25. g5 Ng8 26. Bg2 Ne7 27. Ne4 Nf5 28. Nf3 h4 29. Kh2 Bc8 30. Qe1 Ne8
31. Nxh4 Nd4 32. Bxd4 Bxd4 33. Qg3 Ng7 34. Nf6 Qd8 35. Nf3 Bxf6 36. gxf6 Qxf6 37. Qg5 Nh5 38. Qxf6 Nxf6 39. Ne1 Nh5 40. Rf2 Kg7
41. Be4 Re8
0-1

[Event "Carovana Cup 2016"]
[Site "SchemingMind.com"]
[Date "2016.08.07"]
[Round "-"]
[White "JAHI"]
[Black "Vermonty"]
[Result "1/2-1/2"]
[WhiteCountry "INT"]
[BlackCountry "USA"]
[WhiteElo "2047"]
[WhiteRD "58"]
[BlackElo "1941"]
[BlackRD "79"]
[GameID "402323"]

1. g3 Nf6 2. Bg2 d5 3. c3 Nc6 4. a3 e5 5. a4 Be7 6. b3 O-O 7. Na3 Be6 8. h3 Qd7 9. h4 Rad8 10. Nh3 h6
11. d3 Rfe8 12. Bb2 Ng4 13. d4 exd4 14. cxd4 Bb4+ 15. Kf1 Ne7 16. Nf4 Nf5 17. Kg1 Bd6 18. Qd2 c6 19. Nc2 Qc7 20. e3 Nf6
21. Ba3 Bc8 22. Rc1 Bxa3 23. Nxa3 Qe7 24. Nb1 Ne4 25. Bxe4 Qxe4 26. Qd1 Rd6 27. Nd2 Qe7 28. Nf3 g6 29. b4 Ng7 30. Ne5 Ne6
31. Nxe6 Rxe6 32. b5 Bd7 33. bxc6 Bxc6 34. a5 Rxe5 35. dxe5 Qxe5 36. Qd4 a6 37. Qxe5 Rxe5 38. Rc5 Re4 39. Kh2 Ra4 40. Rhc1 Kg7
41. R1c2 h5 42. Rd2 Ra1 43. Rd4 Ra2 44. Kg1 Kf6 45. Rd1 Ke6 46. Rdc1 Kd6 47. f3 Re2 48. R1c3 Ra2=
1/2-1/2

[Event "Carovana Cup 2016"]
[Site "SchemingMind.com"]
[Date "2016.08.08"]
[Round "-"]
[White "Robert Bruce"]
[Black "Ragged Rook"]
[Result "1-0"]
[WhiteCountry "SCO"]
[BlackCountry "ENG"]
[WhiteElo "2274"]
[WhiteRD "67"]
[BlackElo "1934"]
[BlackRD "87"]
[GameID "402381"]

1. d4 d5 2. Nf3 e6 3. e3 c5 4. c4 Nc6 5. cxd5 exd5 6. Bb5 Nf6 7. O-O Be7 8. dxc5 Bxc5 9. Qc2 Qb6 10. Nc3 O-O
11. Be2 Be7 12. b3 Bg4 13. Bb2 Rad8 14. Rac1 Bxf3 15. Bxf3 d4 16. Na4 Qb5 17. Bxc6 bxc6 18. Bxd4 Ba3 19. Qxc6 Rd5 20. Qxb5 Rxb5
21. Rc6 Nd5 22. Ra6 Nb4 23. Nc3 Nxa6 24. Nxb5
1-0

[Event "Carovana Cup 2016"]
[Site "SchemingMind.com"]
[Date "2016.08.08"]
[Round "-"]
[White "Ragged Rook"]
[Black "Robert Bruce"]
[Result "0-1"]
[WhiteCountry "ENG"]
[BlackCountry "SCO"]
[WhiteElo "1924"]
[WhiteRD "90"]
[BlackElo "2260"]
[BlackRD "67"]
[GameID "402382"]

1. e4 Nf6 2. e5 Nd5 3. d4 d6 4. c4 Nb6 5. exd6 exd6 6. Nc3 Nc6 7. d5 Ne5 8. f4 Ned7 9. Nf3 Be7 10. Bd3 Nc5
11. O-O Nxd3 12. Qxd3 O-O 13. Be3 Re8 14. Ng5 Bxg5 15. fxg5 Bg4 16. Bd2 Qd7 17. b4 a5 18. bxa5 Rxa5 19. Rae1 Raa8 20. h3 Bh5
21. Ne4 Qa4 22. Rf4 Nd7 23. Qg3 Qxa2 24. Bc3 Bg6 25. Nd2 Rxe1+ 26. Qxe1 Ne5 27. Bxe5 dxe5 28. Rf3 b6 29. Rc3 Qb2 30. Nf1 Ra2
31. Qg3 Be4 32. Rf3 Bxf3 33. Qxf3 e4 34. Qxe4 Qf2+ 35. Kh2 Re2 36. Qg4 g6 37. Qc8+ Kg7 38. Ne3 Qf4+
0-1

[Event "Carovana Cup 2016"]
[Site "SchemingMind.com"]
[Date "2016.08.21"]
[Round "-"]
[White "Stephen Woodhouse"]
[Black "Andrea Carra"]
[Result "1-0"]
[WhiteCountry "ENG"]
[BlackCountry "ITA"]
[WhiteElo "1891"]
[WhiteRD "56"]
[BlackElo "1877"]
[BlackRD "98"]
[GameID "402797"]

1. e4 e6 2. d4 d5 3. Nd2 c5 4. exd5 Qxd5 5. Ngf3 cxd4 6. Bc4 Qd6 7. O-O Nf6 8. Nb3 Nc6 9. Nbxd4 Nxd4 10. Qxd4 Bd7
11. Bf4 Qxd4 12. Nxd4 Bc5 13. Nb3 Bb6 14. Rad1 O-O 15. Bd6 Rfc8 16. Bd3 Ba4 17. Rd2 Bxb3 18. axb3 Bc5 19. Bxc5 Rxc5 20. Rfd1 Kf8
21. b4 Rcc8 22. c3 Ke7 23. Be2 Rc7 24. Bf3 Rac8 25. Ra1 b6 26. Kf1 Rd8 27. Rxd8 Kxd8 28. Ke2 Kc8 29. Rd1 Rd7 30. Rxd7 Kxd7
31. Kd3 Kd6 32. Kc4 a6 33. Bb7 b5+ 34. Kd4 Kc7 35. Bf3 Nd7 36. b3 f5 37. c4 e5+ 38. Kd5
1-0

[Event "Carovana Cup 2016"]
[Site "SchemingMind.com"]
[Date "2016.08.21"]
[Round "-"]
[White "Andrea Carra"]
[Black "Stephen Woodhouse"]
[Result "1/2-1/2"]
[WhiteCountry "ITA"]
[BlackCountry "ENG"]
[WhiteElo "1973"]
[WhiteRD "104"]
[BlackElo "1872"]
[BlackRD "55"]
[GameID "402798"]

1. d4 e6 2. e4 d5 3. Nc3 Nf6 4. e5 Nfd7 5. f4 c5 6. Nf3 Nc6 7. Be3 cxd4 8. Nxd4 Bc5 9. Qd2 Nxd4 10. Bxd4 Bxd4
11. Qxd4 Qb6 12. Qxb6 Nxb6 13. Bd3 Bd7 14. Kd2 Na4 15. Nxa4 Bxa4 16. b3 Bd7 17. c4 dxc4 18. Bxc4 O-O-O 19. Ke3 Bc6= 20. Rac1 Rd7
21. Rhd1 Rhd8 22. Rxd7 Rxd7 23. Bd3 Kb8 24. g3 h6 25. Rd1 Bb5 26. Be2 Rxd1 27. Bxd1 Kc7 28. Kd4 b6 29. b4 Bc6 30. Be2 Bd5
31. a3 Kc6 32. Bd3 Bg2 33. f5 exf5 34. Bxf5 Bf1 35. Bc2 Bh3 36. Bd3 Be6 37. b5+ Kd7 38. Bc4 Ke7 39. Bxe6 fxe6 40. Ke4 g6
41. h4=
1/2-1/2

[Event "Carovana Cup 2016"]
[Site "SchemingMind.com"]
[Date "2016.09.04"]
[Round "-"]
[White "fu_manchu"]
[Black "smothered mate"]
[Result "0-1"]
[WhiteCountry "CAN"]
[BlackCountry "POL"]
[WhiteElo "1860"]
[WhiteRD "71"]
[BlackElo "2003"]
[BlackRD "71"]
[GameID "403309"]

1. e4 e6 2. d4 d5 3. Nc3 Nf6 4. Bg5 dxe4 5. Nxe4 Be7 6. Bxf6 gxf6 7. Nf3 f5 8. Ng3 h5 9. h4 c5 10. dxc5 Qxd1+
11. Rxd1 Bxc5 12. Bc4 Nd7 13. O-O Nb6 14. Bb3 Bd7 15. Rfe1 O-O-O 16. Ne5 Rh7 17. Rd2 Rg8 18. Ne2 Be7 19. Nxd7 Nxd7 20. Red1 Nc5
21. f3 Bxh4 22. Nd4 Bg5 23. Re2 Rd8 24. g3 Nxb3 25. cxb3 Kb8 26. Nc6+ bxc6 27. Rxd8+ Bxd8
0-1

[Event "Carovana Cup 2016"]
[Site "SchemingMind.com"]
[Date "2016.09.04"]
[Round "-"]
[White "smothered mate"]
[Black "fu_manchu"]
[Result "1-0"]
[WhiteCountry "POL"]
[BlackCountry "CAN"]
[WhiteElo "2003"]
[WhiteRD "71"]
[BlackElo "1860"]
[BlackRD "71"]
[GameID "403310"]

1. e4 c5 2. Nf3 d6 3. d4 cxd4 4. Nxd4 Nf6 5. Nc3 a6 6. a4 Nc6 7. Be2 g6 8. O-O Bg7 9. Be3 O-O 10. Qd2 e5
11. Nxc6 bxc6 12. Rfd1 Ne8 13. Bc5 Rb8 14. Rab1 Bb7 15. Bxd6 Nxd6 16. Qxd6 Qxd6 17. Rxd6 Rfd8 18. Rbd1 Rxd6 19. Rxd6 c5 20. b3 Bh6
21. Bxa6 Bxa6 22. Rxa6 c4 23. bxc4 Rb1+ 24. Nxb1
1-0

[Event "Carovana Cup 2016"]
[Site "SchemingMind.com"]
[Date "2016.09.11"]
[Round "-"]
[White "Till Plewe"]
[Black "pmdpsp"]
[Result "1-0"]
[WhiteCountry "JPN"]
[BlackCountry "GER"]
[WhiteElo "2440"]
[WhiteRD "90"]
[BlackElo "1865"]
[BlackRD "89"]
[GameID "403718"]

1. e4 e5 2. Nf3 Nc6 3. d4 exd4 4. Nxd4 Nxd4 5. Qxd4 Nf6 6. e5 c5 7. Qe3 Nd5 8. Qe4 Nb4 9. a3 Nc6 10. Nc3 g6
11. Nd5 Be7 12. Nf6+ Bxf6 13. exf6+ Kf8 14. Bh6+ Kg8 15. O-O-O Nd4 16. Rxd4 cxd4 17. Qe7 Qxe7 18. fxe7 d5 19. e8=Q#
1-0

[Event "Carovana Cup 2016"]
[Site "SchemingMind.com"]
[Date "2016.09.11"]
[Round "-"]
[White "pmdpsp"]
[Black "Till Plewe"]
[Result "0-1"]
[WhiteCountry "GER"]
[BlackCountry "JPN"]
[WhiteElo "1891"]
[WhiteRD "92"]
[BlackElo "2440"]
[BlackRD "91"]
[GameID "403719"]

1. c4 e5 2. Nc3 Nf6 3. Nf3 Nc6 4. g3 Bb4 5. a3 Bxc3 6. bxc3 d6 7. Bb2 O-O 8. Bg2 e4 9. Nd4 Na5 10. Qa4 b6
11. d3 c5 12. Nb5 a6 13. Qc2 axb5 14. cxb5 exd3 15. Qxd3 c4 16. Qc2 Bb7 17. O-O Bxg2 18. Kxg2 Qe8 19. a4 Nb3 20. Rad1 Qe5
21. h3 Rxa4 22. Bc1 Nxc1 23. Rxc1 Rfa8 24. e3 Ra2 25. Qd1 Qxe3 26. Qxd6 Rxf2+ 27. Rxf2 Qxf2+ 28. Kxf2 Ne4+ 29. Ke3 Nxd6 30. Kd4 Nxb5+
31. Kxc4 Nxc3 32. Rxc3 Rc8+ 33. Kb3 Rxc3+ 34. Kxc3 f5 35. Kb4 g5
0-1

[Event "Carovana Cup 2016"]
[Site "SchemingMind.com"]
[Date "2016.09.13"]
[Round "-"]
[White "Marco_M"]
[Black "Ilang"]
[Result "0-1"]
[WhiteCountry "ITA"]
[BlackCountry "HUN"]
[WhiteElo "2083"]
[WhiteRD "119"]
[BlackElo "2435"]
[BlackRD "86"]
[GameID "403771"]

1. e4 e5 2. Nf3 Nc6 3. Bb5 a6 4. Ba4 Nf6 5. O-O Be7 6. Re1 b5 7. Bb3 O-O 8. a4 Bb7 9. c3 d6 10. d3 Na5
11. Bc2 c5 12. Nbd2 Re8 13. Nf1 h6 14. Ng3 Bf8 15. d4 exd4 16. cxd4 d5 17. e5 Ne4 18. Nxe4 dxe4 19. Bxe4 Bxe4 20. Rxe4 Qd5
21. Rg4 Nb3 22. Ra3 c4 23. Rxb3 cxb3 24. axb5 axb5
0-1

[Event "Carovana Cup 2016"]
[Site "SchemingMind.com"]
[Date "2016.09.13"]
[Round "-"]
[White "Ilang"]
[Black "Marco_M"]
[Result "1-0"]
[WhiteCountry "HUN"]
[BlackCountry "ITA"]
[WhiteElo "2435"]
[WhiteRD "86"]
[BlackElo "2083"]
[BlackRD "119"]
[GameID "403772"]

1. e4 e5 2. Nf3 Nc6 3. Bb5 a6 4. Ba4 Nf6 5. d3 d6 6. c3 Be7 7. O-O O-O 8. Re1 Bg4 9. Nbd2 b5 10. Bc2 Re8
11. h3 Bh5 12. Nf1 Bf8 13. Ng3 Bg6 14. Nh4 Nb8 15. a4 Nbd7 16. f4 Be7 17. d4 Bxe4 18. Nxe4 Nxe4 19. Rxe4 Bxh4 20. fxe5 Bg5
21. exd6 Bxc1 22. dxc7 Qxc7 23. Qxc1 Qc6 24. axb5 axb5 25. Rxa8
1-0

[Event "Carovana Cup 2016"]
[Site "SchemingMind.com"]
[Date "2016.09.19"]
[Round "-"]
[White "echecs"]
[Black "Helga1946"]
[Result "0-1"]
[WhiteCountry "ENG"]
[BlackCountry "GER"]
[WhiteElo "1819"]
[WhiteRD "76"]
[BlackElo "2247"]
[BlackRD "77"]
[GameID "403833"]

1. e4 c5 2. c3 d5 3. d3 d4 4. Nf3 Nc6 5. Be2 e5 6. Bd2 a6 7. O-O h6 8. Na3 Be6 9. Nc2 Nf6 10. cxd4 cxd4
11. Nb4 Bxb4 12. Bxb4 Nxb4 13. Nxe5 O-O 14. a3 Nc6 15. Nxc6 bxc6 16. Rc1 Qb6 17. b4 a5 18. bxa5 Rxa5 19. Rb1 Qa7 20. Qc1 c5
21. Ra1 c4 22. dxc4 Nxe4 23. Qf4 Nc3 24. Bd3 Ra4 25. Rfe1 Bxc4 26. Bxc4 Rxc4 27. h3 Rd8 28. Qh4 Rcc8 29. Re7 Qc5 30. Rae1 d3
31. Qf4 Qxe7 32. Rxe7 Ne2+
0-1

[Event "Carovana Cup 2016"]
[Site "SchemingMind.com"]
[Date "2016.09.19"]
[Round "-"]
[White "Helga1946"]
[Black "echecs"]
[Result "1-0"]
[WhiteCountry "GER"]
[BlackCountry "ENG"]
[WhiteElo "2247"]
[WhiteRD "77"]
[BlackElo "1819"]
[BlackRD "76"]
[GameID "403834"]

1. c4 c5 2. e3 e6 3. d4 cxd4 4. exd4 d5 5. c5 Nc6 6. Bb5 Bd7 7. Bxc6 Bxc6 8. Nf3 Nf6 9. Nc3 Be7 10. Qd3 b6
11. Ne5 Qc7 12. b4 O-O 13. O-O Bb7 14. Nb5 Qc8 15. Bg5 bxc5 16. bxc5 Ba6 17. a4 h6 18. Bh4 g5 19. Bg3 Ne4 20. h3 Kg7
21. Bh2 Nf6 22. Rfc1 Ne8 23. c6 Nd6 24. Nd7 Re8 25. Qf3 Nxb5 26. Be5+ Kg6 27. Nf6 Nxd4 28. Qh5+ Kf5 29. Bxd4 Bxf6 30. Qf3+ Kg6
31. Qxf6+ Kh5 32. g4+ Kh4 33. Qxh6#
1-0

[Event "Carovana Cup 2016"]
[Site "SchemingMind.com"]
[Date "2016.09.15"]
[Round "-"]
[White "michel"]
[Black "chesshub"]
[Result "1/2-1/2"]
[WhiteCountry "CAN"]
[BlackCountry "FRA"]
[WhiteElo "2410"]
[WhiteRD "75"]
[BlackElo "2548"]
[BlackRD "80"]
[GameID "403837"]

1. d4 d5 2. Nf3 Nf6 3. e3 e6 4. Bd3 c5 5. b3 Nc6 6. O-O Be7 7. Bb2 O-O 8. Nbd2 b6 9. Ne5 Bb7 10. a3 cxd4
11. exd4 Nxe5 12. dxe5 Nd7 13. b4 a5 14. Qg4 Re8 15. Rfe1 Qc7 16. Nf3 axb4 17. axb4 Rxa1 18. Rxa1 Ra8 19. Rxa8+ Bxa8 20. Ng5 Nf8
21. Qf4 Bd8 22. b5 h6 23. Nf3=
1/2-1/2

[Event "Carovana Cup 2016"]
[Site "SchemingMind.com"]
[Date "2016.11.09"]
[Round "-"]
[White "michel"]
[Black "Ilang"]
[Result "1/2-1/2"]
[WhiteCountry "CAN"]
[BlackCountry "HUN"]
[WhiteElo "2410"]
[WhiteRD "75"]
[BlackElo "2435"]
[BlackRD "86"]
[GameID "406193"]

1. d4 d5 2. Nf3 Nf6 3. e3 Bg4 4. Nbd2 Nbd7 5. h3 Bh5 6. c4 e6 7. cxd5 Nxd5 8. e4 N5f6 9. Be2 Bg6 10. Qb3 Rb8
11. Qe3 Bd6 12. O-O O-O 13. b3 e5 14. dxe5 Nxe5 15. Bb2 Nc6 16. Bb5 Nb4 17. Rfc1 c6 18. Bc4 b5 19. Bxf6 gxf6 20. Bf1 c5
21. a3 Nc6 22. Rd1 Re8 23. Rac1 a6 24. Qc3 Qe7=
1/2-1/2

[Event "Carovana Cup 2016"]
[Site "SchemingMind.com"]
[Date "2016.11.09"]
[Round "-"]
[White "Ilang"]
[Black "michel"]
[Result "1/2-1/2"]
[WhiteCountry "HUN"]
[BlackCountry "CAN"]
[WhiteElo "2435"]
[WhiteRD "86"]
[BlackElo "2410"]
[BlackRD "75"]
[GameID "406194"]

1. e4 d6 2. d4 Nf6 3. Nc3 e5 4. Nf3 Nbd7 5. Bc4 Be7 6. O-O O-O 7. Re1 c6 8. a4 a5 9. h3 Nb6 10. Ba2 Nfd7
11. Be3 exd4 12. Bxd4 Nc5 13. Bxc5 dxc5 14. Qe2 Qd6 15. Rad1 Qg6 16. Kf1 Qh6 17. Qd2 Qxd2 18. Nxd2 g6 19. Nc4 Nxc4 20. Bxc4 Kg7
21. b3 Rb8 22. f4 g5 23. fxg5 Bxg5 24. e5 Bf5=
1/2-1/2

[Event "Carovana Cup 2016"]
[Site "SchemingMind.com"]
[Date "2016.11.14"]
[Round "-"]
[White "smothered mate"]
[Black "Till Plewe"]
[Result "0-1"]
[WhiteCountry "POL"]
[BlackCountry "JPN"]
[WhiteElo "1924"]
[WhiteRD "68"]
[BlackElo "2434"]
[BlackRD "93"]
[GameID "406345"]

1. e4 e5 2. Nf3 Nc6 3. Bb5 a6 4. Ba4 Nf6 5. O-O Be7 6. Re1 b5 7. Bb3 d6 8. c3 O-O 9. d4 Bg4 10. d5 Na5
11. Bc2 Qc8 12. h3 Bd7 13. Nbd2 c6 14. Nf1 cxd5 15. exd5 Nc4 16. Ng3 Qb7 17. Bf5 Nb6 18. Bxd7 Qxd7 19. Nh4 g6 20. Bh6 Rfe8
21. Nf3 Nfxd5 22. Rc1 Rac8 23. Ne4 f5 24. Neg5 Bf6 25. h4 e4 26. Nd4 b4 27. Ne2 bxc3 28. bxc3 e3 29. f4 Bxc3 30. Nxc3 Rxc3
31. Rxc3 Nxc3 32. Qb3+ Nbd5 33. Re2 Nxe2+
0-1

[Event "Carovana Cup 2016"]
[Site "SchemingMind.com"]
[Date "2016.11.13"]
[Round "-"]
[White "Till Plewe"]
[Black "smothered mate"]
[Result "1-0"]
[WhiteCountry "JPN"]
[BlackCountry "POL"]
[WhiteElo "2423"]
[WhiteRD "99"]
[BlackElo "1941"]
[BlackRD "72"]
[GameID "406346"]

1. e4 e6 2. d4 d5 3. Nc3 Nf6 4. e5 Nfd7 5. f4 c5 6. Nf3 Nc6 7. Be3 cxd4 8. Nxd4 Bc5 9. Qd2 Bxd4 10. Bxd4 Nxd4
11. Qxd4 Qb6 12. Qd2 Qxb2 13. Rb1 Qa3 14. Nb5 Qxa2 15. Nd6+ Kf8 16. Rc1 Qb2 17. Be2 Qb6 18. c4 a5 19. cxd5 Nc5 20. Qd4
1-0

[Event "Carovana Cup 2016"]
[Site "SchemingMind.com"]
[Date "2016.12.04"]
[Round "-"]
[White "Helga1946"]
[Black "Stephen Woodhouse"]
[Result "1-0"]
[WhiteCountry "GER"]
[BlackCountry "ENG"]
[WhiteElo "2220"]
[WhiteRD "76"]
[BlackElo "1924"]
[BlackRD "53"]
[GameID "407272"]

1. e4 e6 2. d4 d5 3. exd5 exd5 4. Nf3 Bd6 5. Bd3 Ne7 6. h3 Bf5 7. Nc3 c6 8. Bxf5 Nxf5 9. Qd3 Qe7+ 10. Ne2 Qf6
11. Bg5 Qe6 12. O-O-O O-O 13. g4 Ne7 14. Rde1 Qg6 15. Qb3 b6 16. Nf4 Bxf4+ 17. Bxf4 Re8 18. Nh4 Qf6 19. Qe3 Nd7 20. g5 Qe6
21. Qf3
1-0

[Event "Carovana Cup 2016"]
[Site "SchemingMind.com"]
[Date "2016.12.04"]
[Round "-"]
[White "Stephen Woodhouse"]
[Black "Helga1946"]
[Result "1/2-1/2"]
[WhiteCountry "ENG"]
[BlackCountry "GER"]
[WhiteElo "1924"]
[WhiteRD "53"]
[BlackElo "2220"]
[BlackRD "76"]
[GameID "407273"]

1. e4 c5 2. c3 d5 3. exd5 Qxd5 4. d4 cxd4 5. cxd4 e6 6. Nc3 Qd6 7. Nf3 a6 8. Bd3 Nf6 9. O-O Nc6 10. a3 Be7
11. Be3 Bd7 12. Rc1 O-O 13. Bb1 Rfd8 14. Qd3 g6 15. Rfd1 Be8 16. Ba2 Ng4 17. d5 Nce5 18. Nxe5 Qxe5 19. g3 Nxe3 20. Qxe3 Qxe3
21. fxe3 exd5 22. Nxd5 Bg5 23. Kf2 Rd6 24. Nc7 Rxd1 25. Rxd1 Rc8=
1/2-1/2

[Event "Carovana Cup 2016"]
[Site "SchemingMind.com"]
[Date "2017.01.06"]
[Round "-"]
[White "Robert Bruce"]
[Black "JAHI"]
[Result "1-0"]
[WhiteCountry "SCO"]
[BlackCountry "INT"]
[WhiteElo "2360"]
[WhiteRD "70"]
[BlackElo "2099"]
[BlackRD "66"]
[GameID "408885"]

1. d4 g6 2. h4 h6 3. e4 Bg7 4. c3 d6 5. f3 e6 6. Qc2 d5 7. Na3 b6 8. Be3 Bb7 9. Bd3 Nd7 10. Rc1 Ne7
11. e5 Nf5 12. Bxf5 gxf5 13. Ne2 Rc8 14. Nf4 Bf8 15. Nh5 a6 16. Qd2 c6 17. g3 c5 18. Kf2 Qc7 19. Bf4 Qc6 20. Nc2 Qb5
21. Ne3 Qa4 22. g4 fxg4 23. Nxg4 Kd8 24. Bxh6 Bxh6 25. Nxh6 Kc7 26. Nf6 Nxf6 27. exf6 Rcf8 28. b3 Qc6 29. h5 Rh7 30. Ng4 Qd6
31. Ne5 Rg8 32. Qf4 Bc6 33. h6 Rgh8 34. b4 Kc8 35. bxc5 bxc5 36. dxc5 Qc7 37. Qe3 Bd7 38. Rb1 a5 39. c6 Bxc6 40. Nxc6 Qxc6
41. Qa7 Qc7 42. Qa6+ Kd8 43. Rb7 Qc5+ 44. Kg2 Rg8+ 45. Kf1 Qc4+ 46. Qxc4 dxc4 47. Rb8+ Kd7 48. Rxg8 Kd6 49. Rg7 Rh8 50. Rxf7 Kd5
51. Rg7 Kd6 52. h7 e5 53. Rg8 Ke6 54. Rxh8 e4 55. Re8+ Kd6 56. f7 Kc6 57. f8=Q Kb5 58. Rh5+ Kb6 59. Qf7 exf3 60. Re6#
1-0

[Event "Carovana Cup 2016"]
[Site "SchemingMind.com"]
[Date "2017.01.06"]
[Round "-"]
[White "JAHI"]
[Black "Robert Bruce"]
[Result "0-1"]
[WhiteCountry "INT"]
[BlackCountry "SCO"]
[WhiteElo "2084"]
[WhiteRD "63"]
[BlackElo "2362"]
[BlackRD "69"]
[GameID "408886"]

1. g3 e5 2. Bg2 d6 3. d3 Nc6 4. e3 Nf6 5. d4 d5 6. b3 Bb4+ 7. c3 Bd6 8. Bb2 h5 9. h3 Bf5 10. Nd2 exd4
11. exd4 O-O 12. Ne2 Re8 13. Nf3 Qd7 14. Ng5 Ne4 15. Nxe4 Bxe4 16. f3 Bh7 17. Kf2 Ne7 18. Re1 Nf5 19. Bc1 Qe7 20. Bf4 Bxf4
21. Nxf4 Qg5 22. Qd2 Qxg3+ 23. Kg1 Nh4 24. Rf1 Qg5 25. Rad1 c6 26. Kh1 Bc2 27. Qxc2 Qxf4 28. Qd2 Re3 29. Rde1 Rae8 30. Rxe3 Rxe3
31. Rf2 Nf5 32. Kg1 Qg3 33. h4 b5 34. b4 Kf8 35. a3 g6 36. Qc1 g5 37. c4 gxh4 38. Qf1 h3 39. Kh1 hxg2+ 40. Rxg2 Qh3+
41. Kg1 Ng3 42. Qd1 Qh1+ 43. Kf2 Qxd1 44. Kxe3 Qc1+ 45. Rd2 Nf1+ 46. Ke2 Qxd2+ 47. Kxf1 bxc4 48. Kg1 c3 49. b5 c2 50. bxc6 c1=Q#
0-1

[Event "Carovana Cup 2016"]
[Site "SchemingMind.com"]
[Date "2017.01.12"]
[Round "-"]
[White "Ilang"]
[Black "Helga1946"]
[Result "1-0"]
[WhiteCountry "HUN"]
[BlackCountry "GER"]
[WhiteElo "2468"]
[WhiteRD "86"]
[BlackElo "2207"]
[BlackRD "72"]
[GameID "409028"]

1. e4 e5 2. Nf3 Nc6 3. Bb5 a6 4. Ba4 b5 5. Bb3 h6 6. O-O Bb7 7. c3 Qf6 8. d4 exd4 9. cxd4 Na5 10. Bc2 Ne7
11. Nc3 Nc8 12. b3 Nb6 13. Re1 Be7 14. Bd2 b4 15. Ne2 Nc8 16. Be3 Bf8 17. d5 Qd8 18. e5 Ne7 19. Nf4 g6 20. d6 Nac6
21. dxe7 Nxe7 22. Bd4 Rg8 23. Nd2 Bc6 24. Nc4 Qb8 25. Qe2 h5 26. e6 fxe6 27. Nxe6
1-0

[Event "Carovana Cup 2016"]
[Site "SchemingMind.com"]
[Date "2017.01.12"]
[Round "-"]
[White "Helga1946"]
[Black "Ilang"]
[Result "0-1"]
[WhiteCountry "GER"]
[BlackCountry "HUN"]
[WhiteElo "2207"]
[WhiteRD "72"]
[BlackElo "2468"]
[BlackRD "86"]
[GameID "409029"]

1. e4 e5 2. Nf3 Nc6 3. Bb5 a6 4. Bxc6 dxc6 5. h3 f6 6. d3 Bd6 7. Be3 Ne7 8. Nbd2 O-O 9. a3 Be6 10. h4 Qd7
11. h5 h6 12. Ng1 f5 13. Nf1 c5 14. b3 Rad8 15. f3 a5 16. Ne2 a4 17. Nd2 axb3 18. cxb3 f4 19. Bf2 Nc6 20. Nc4 Be7
21. Nc1 b5 22. Nb2 Nd4 23. Bxd4 cxd4 24. a4 Ra8 25. Qc2 Rfb8 26. Ra2 Bb4+ 27. Ke2 c6 28. Kf2 Qe7 29. Ne2 Ba3 30. Rha1 Qh4+
31. Kg1 Be7 32. Rb1 Rb6 33. Rba1 Rba6 34. Rb1 c5 35. Kf1 Qxh5 36. Nd1 c4 37. bxc4 bxc4 38. Raa1 cxd3 39. Qxd3 Rxa4 40. Rxa4 Qh1+
41. Ng1 Rxa4 42. Nf2 Qh2 43. Ng4 Qh5 44. Qc2 Rc4 45. Qd1 Rc3 46. Nh3 Bc5 47. Ngf2 Qf7 48. Qa4 d3
0-1

[Event "Carovana Cup 2016"]
[Site "SchemingMind.com"]
[Date "2017.04.14"]
[Round "-"]
[White "Robert Bruce"]
[Black "Till Plewe"]
[Result "1/2-1/2"]
[WhiteCountry "SCO"]
[BlackCountry "JPN"]
[WhiteElo "2339"]
[WhiteRD "74"]
[BlackElo "2445"]
[BlackRD "97"]
[GameID "412859"]

1. c4 e5 2. g3 c6 3. d4 e4 4. Nc3 d5 5. Bg2 Nf6 6. Bg5 Nbd7 7. cxd5 cxd5 8. Rc1 h6 9. Bf4 Nb6 10. Nb5 Bb4+
11. Kf1 O-O 12. a3 Bd7 13. Nc7 Rc8 14. axb4 g5 15. Be5 Ng4 16. h4 Nxe5 17. Nxd5 Nec4 18. b3 Ba4 19. Nxb6 Bxb3 20. Qe1 Qxb6
21. Bxe4 Qxd4 22. Bxb7 Nd2+ 23. Kg2 Rxc1 24. Qxc1 Qxb4 25. Bf3 Nxf3 26. exf3 Qc4=
1/2-1/2

[Event "Carovana Cup 2016"]
[Site "SchemingMind.com"]
[Date "2017.04.14"]
[Round "-"]
[White "Till Plewe"]
[Black "Robert Bruce"]
[Result "1-0"]
[WhiteCountry "JPN"]
[BlackCountry "SCO"]
[WhiteElo "2445"]
[WhiteRD "97"]
[BlackElo "2339"]
[BlackRD "74"]
[GameID "412860"]

1. e4 Nf6 2. e5 Nd5 3. d4 d6 4. Nf3 dxe5 5. Nxe5 c6 6. Be2 Bf5 7. O-O Nd7 8. Nf3 e6 9. c4 N5f6 10. Nc3 Qc7
11. Nh4 Bg6 12. g3 O-O-O 13. Qa4 a6 14. Rd1 Be7 15. b4 Bh5 16. Bxh5 Nxh5 17. Nf3 Kb8 18. Rb1 Nb6 19. Qb3 h6 20. a4 Nd7
21. b5 Ka8 22. Be3 g5 23. d5 g4 24. bxc6 bxc6 25. dxc6 Rb8 26. Rxd7 Qxd7 27. Qxb8+ Rxb8 28. Rxb8+ Kxb8 29. cxd7 gxf3 30. Bb6 Nf6
31. d8=Q+ Bxd8 32. Bxd8 Ne8 33. Ne4 f5 34. Nc5 Nd6 35. Nxe6 Nxc4 36. Nd4 Kc8 37. Be7 h5 38. Nxf3 Kd7 39. Bb4 a5 40. Bc3 Ke8
41. Nd4 f4 42. gxf4 Nb6 43. Bxa5
1-0

[Event "Carovana Cup 2016"]
[Site "SchemingMind.com"]
[Date "2017.07.28"]
[Round "-"]
[White "Ilang"]
[Black "Till Plewe"]
[Result "1/2-1/2"]
[WhiteCountry "HUN"]
[BlackCountry "JPN"]
[WhiteElo "2441"]
[WhiteRD "103"]
[BlackElo "2437"]
[BlackRD "96"]
[GameID "416803"]

1. e4 e5 2. Nf3 Nc6 3. Bb5 a6 4. Ba4 Nf6 5. O-O Be7 6. Re1 b5 7. Bb3 d6 8. c3 O-O 9. h3 Nb8 10. d4 Nbd7
11. Nbd2 Bb7 12. Bc2 Re8 13. a4 Bf8 14. Bd3 c6 15. b3 g6 16. Bb2 Nh5 17. Bf1 Nf4 18. Qc2 exd4 19. cxd4 b4 20. Nc4 d5
21. Nce5 Nxe5 22. Nxe5 Rc8 23. Qd2 Ne6 24. Rac1 a5 25. exd5 cxd5 26. Rxc8 Qxc8 27. f4 Ba6 28. Bxa6=
1/2-1/2

[Event "Carovana Cup 2016"]
[Site "SchemingMind.com"]
[Date "2017.07.28"]
[Round "-"]
[White "Till Plewe"]
[Black "Ilang"]
[Result "1-0"]
[WhiteCountry "JPN"]
[BlackCountry "HUN"]
[WhiteElo "2471"]
[WhiteRD "98"]
[BlackElo "2466"]
[BlackRD "91"]
[GameID "416804"]

1. e4 e5 2. Nf3 Nc6 3. Bc4 Nf6 4. d3 Be7 5. O-O O-O 6. Re1 d6 7. a4 Na5 8. Ba2 c5 9. c3 Nc6 10. Na3 h6
11. Bd2 Re8 12. Nc2 Bf8 13. Ne3 Be6 14. Bxe6 Rxe6 15. c4 Re8 16. a5 a6 17. Nd5 Rb8 18. Qa4 Nxd5 19. exd5 Nd4 20. Nxd4 cxd4
21. b4 f5 22. b5 Qd7 23. Qb3 f4 24. f3 Qf5 25. Ra4 axb5 26. cxb5 h5 27. Rc4 g5 28. Rc7 g4 29. Kh1 Kh8 30. Bb4 gxf3
31. gxf3 Rec8 32. Rec1 Be7 33. Qd1 Rxc7 34. Rxc7 Bd8 35. Rc1 Be7 36. Qe2 Qd7 37. Qe4 Rg8 38. a6 bxa6 39. bxa6 Bf6 40. Ra1 Qg7
41. Qe2 Be7 42. a7 Ra8 43. Qg2 Qf7 44. Qh3 Bf8 45. Qe6
1-0